000 00411nam a2200157Ia 4500
003 OSt
005 20230526143837.0
008 230525s9999 xx 000 0 und d
082 _bSIDT
100 _aSIDHU, S.S.
245 0 _aTourism and Aviation : Airbone for Progress
260 _aDelhi
_bFoundation for aviation & Sustainable Tourism
_c2001
300 _a152
650 _aTourism/Avition
942 _cBK
_2ddc
999 _c3119
_d3119